[Event "RUS-Cup02"]
[Site "Moscow"]
[Date "1998.??.??"]
[Round "8"]
[White "Ovetchkin, Roman"]
[Black "Volkov, Sergey"]
[Result "0-1"]
[WhiteElo "2475"]
[BlackElo "2545"]
[Annotator "Finkel,A"]
[PlyCount "134"]
[EventDate "1998.01.21"]
[EventType "swiss"]
[EventRounds "9"]
[EventCountry "RUS"]
[SourceTitle "CBM 063"]
[Source "ChessBase"]
[SourceDate "1998.03.26"]
[SourceVersion "1"]
[SourceVersionDate "1998.03.26"]
[SourceQuality "1"]

1. e4 {Finkel,A} e6 2. d4 d5 3. Nc3 Nf6 4. Bg5 dxe4 5. Nxe4 Be7 6. Bxf6 gxf6 7.
Nf3 b6 8. Bc4 (8. g3 $5 {Finkel,A} Bb7 9. Qe2 Qd5 10. Ned2 Nc6 11. c3 O-O-O 12.
Bg2 Qh5 13. O-O e5 $132 {Heller,F-Andersson,U/Haninge/1989/ (18)}) (8. c4 $5 {
Finkel,A}) 8... Bb7 9. Qe2 c6 10. O-O-O Qc7 11. Rhe1 Nd7 12. Kb1 (12. Nc3 $5 {
Finkel,A /\ 13.d5!?}) 12... O-O-O 13. Ba6 Bxa6 (13... Rhe8 $5 {Finkel,A} 14.
Bxb7+ Kxb7 15. c4 $6 Nf8 16. Qc2 f5 17. Nc3 Bf6 18. Re3 Re7 $11 {[%csl Rd4] 0,
5/Kortchnoj,V-Andersson,U/Reykjavik/1988/ (25)}) 14. Qxa6+ Kb8 15. Qe2 (15. g3
{Finkel,A} f5 16. Ned2 Bf6 (16... h5 {Finkel,A} 17. Qe2 h4 18. Nc4 $5 hxg3 19.
hxg3 Bf6 20. Rd3 b5 21. Ncd2 Nb6 22. Rc1 $1 $14 {Almasi,Z-Andersson,U/Ubeda
1997 (81)}) 17. Qe2 c5 18. c3 $5 cxd4 19. cxd4 $1 Rc8 20. Rc1 Qb7 21. Nc4 Qd5
22. Nfe5 Nxe5 23. dxe5 Be7 24. Red1 $36 {Sokolov,A-Andersson,U/Bar 1997 (52)})
(15. a3 $5 {Finkel,A} Rhg8 16. g3 f5 17. Ned2 h5 18. Qe2 h4 19. Nc4 hxg3 20.
hxg3 f4 $5 $13 {Pritchett,C-Berg,K/BL 1986 (39)}) 15... Rhg8 (15... Rhe8 {
Finkel,A} 16. c4 $6 (16. a3 $5 Bf8 17. c4 h6 18. Nc3 f5 19. d5 $1 Bg7 20. Nd4
$14 Bxd4 21. Rxd4 Nf6 22. Qd2 cxd5 23. cxd5 e5 24. Rh4 h5 (24... Qc5 25. Rxh6
Nxd5 26. Nxd5 Rxd5 27. Qc2 $1 $16) 25. Qg5 Nxd5 26. Nxd5 Rxd5 27. Qxf5 $14 {
Hellers,F-Andersson,U/Eksjo m 1993 (46)}) (16. c3 Bf8 17. g3 h6 18. Ned2 Bg7
19. Nc4 f5 20. a4 $5 Nf6 21. Nfe5 Re7 $132 {Christiansen,L-Andersson,U/FIDE
WCh KO 1997/1/2-1/2 (64)}) (16. g3 Nf8 17. c3 f5 18. Ned2 Ng6 19. Nc4 Bf6 {
1/2-1/2 De la Riva,O-Magem Badals,J/ch-ESP, Torrevieja 1997} (19... c5 $6 20.
Rd2 cxd4 21. Nxd4 Rc8 22. Ne3 Qb7 23. Nec2 a6 24. Red1 $14 {Leko,P-Andersson,U/
It, Ubeda ESP 1997 (41)})) (16. Qe3 f5 17. Neg5 Bxg5 18. Nxg5 Re7 19. Qh3 $6
Qf4 20. Nf3 Qg4 $1 $11 {Isaev-Zueger/32nd Chess Olympiad, Yerevan 1996 (30)})
16... Nf8 17. g3 Ng6 18. Nc3 Bb4 19. Qc2 Re7 20. a3 Bxc3 21. Qxc3 Red7 $11 {
Gallagher,J-Zueger,B/Biel Credis 1996 (28)}) (15... Rdg8 $5 16. g3 f5 17. Ned2
h5 18. Nc4 h4 19. Nfe5 Nxe5 20. Nxe5 Bf6 $11 {Kraut,R-Knaak,R/BL 1996 (41)})
16. g3 f5 17. Ned2 Bf6 (17... h5 {Finkel,A} 18. Nc4 h4 19. Rd3 (19. Nfe5 $6
Nxe5 20. Nxe5 Bf6 21. Qf3 Bxe5 22. dxe5 Rd5 23. Rxd5 cxd5 24. Qd3 Rh8 $15 {
0-1 Ravinsky,G-Chistiakov,A/Moscow sf 1955 (40)}) 19... hxg3 20. hxg3 Rh8 21.
a3 Bf6 22. Red1 b5 23. Ne3 $14 {Klovans,J-Chistiakov,A/URS-ch35 Kharkov 1967/
0-1 (51)}) (17... Rg4 $5 18. Nc4 Bf6 19. Ne3 Rgg8 20. Ng2 $5 Nf8 21. Nf4 Ng6
22. Nh5 Bh8 23. Qe3 $14 {Polgar,J-Pytel,K/Royan op 1988/0-1 (64)}) 18. Nc4 (18.
c3 c5 19. Nc4 cxd4 20. Nxd4 Nc5 21. f3 a6 22. Ne3 b5 23. Nec2 Kb7 $13 {
Christiansen,L-Andersson,U/FIDE WCh KO, Groningen NED (1.5) 1997/1/2-1/2 (61)})
18... Bh8 $5 $146 {Interesting idea which fully proved itself in the game:
black does'nt want to weaken his queenside with b5 or c5 and brings the knight
to the game via f6.} 19. Nfe5 Nf6 20. Rd3 $5 {An agressive attempt to refute
black's opening strategy.} Ka8 $6 21. Red1 Rc8 22. Ra3 $1 {Setting a little
trap.} Rgd8 $6 (22... Rcd8 $2 23. Nxb6+ $1 Qxb6 24. Ra6 Qb7 (24... Qb5 25. Nxc6
$1 $18) 25. Nxc6 Rd7 26. Rxa7+ Qxa7 27. Nxa7 Rxa7 28. c4 $16) (22... Nd5 $5 $13
) 23. Nxf7 $1 {The idea behind the 22th move of white.} Qxf7 24. Nxb6+ Kb8 25.
Nxc8 Rxc8 26. Re3 $6 {Inaccuracy giving black serious counterchanses.After
correct} (26. Re1 $1 Re8 27. Re3 (27. Qc4 $6 Qd7 28. Ra6 $6 Ne4 $1 29. Qxc6
Qxc6 30. Rxc6 Kb7 $17 {[%csl Rc6]}) (27. Rb3+ Ka8 28. Qa6 Qd7 $132) 27... Rd8 (
27... Nd5 28. Rxe6 Rxe6 29. Qxe6 Qxe6 30. Rxe6 Bxd4 31. Rxc6 Bxf2 32. Rh6 $18)
28. Qc4 Ne4 29. Rb3+ Kc7 30. Qb4 $1 $16 {[%cal Gb4d2,Gb4b7] white's advantage
is beyond any doubt.}) 26... Ka8 $1 $132 27. Re1 (27. Rxe6 Ne4 28. Rh6 Rb8 29.
Qe3 Qc4 $36) (27. f3 $5) 27... Qd7 28. c3 c5 29. dxc5 Nd5 30. Rxe6 (30. Rd3)
30... Bxc3 31. Rd6 Qb7 32. Rd1 $2 {Missing black's reply.White still kept much
better chanses after} (32. Rc1 $5 Rb8 33. b3 (33. Rxd5 $2 Qxb2+ 34. Qxb2 Rxb2+
35. Ka1 Rc2+ 36. Kb1 Rb2+ $11) 33... Bh8 34. Qf3 $1 (34. c6 $2 Qg7 $1 {[%csl
Rb1][%cal Gg7a1]} 35. Rxd5 Qa1+ 36. Kc2 Qxa2+ $19) 34... Nc7 35. Qxb7+ Kxb7 36.
Rc4 $16) 32... Bd4 $1 {[%cal Gd5c3]} 33. Qd2 (33. c6 Nc3+ 34. Ka1 $8 Qb8 $1 (
34... Qf7 35. Qa6 $1 $18) 35. Qd2 Qxd6 (35... Nxd1 36. Rxd4 $16 {[%csl Rd1]})
36. Qxd4 Qxd4 37. Rxd4 Ne4 $17) 33... Nc3+ 34. Ka1 Nxd1 35. Qxd4 Nxf2 $1 $17 {
Suddenly everything has changed:now black has advantage and white has to fight
for suvival!} 36. b4 Qh1+ 37. Kb2 Qxh2 38. Rd7 $5 {Trying to create some
threats to the black king.} Ne4+ 39. Kb3 Qxg3+ 40. Ka4 Qg8 $1 $19 {Covering
squarre d5.} 41. a3 Qe6 42. Ka5 Nxc5 $5 {Transferring the game into easily won
queen's endgame.} 43. bxc5 Rxc5+ 44. Qxc5 Qxd7 45. Qf8+ Kb7 46. Qb4+ Kc6 47.
Qc4+ Kd6 48. Qf4+ Ke7 49. Qg5+ Kf7 50. Qh5+ Kf8 51. a4 Qd8+ 52. Kb4 a5+ 53. Kc5
Qf6 54. Kb5 f4 $1 55. Kxa5 f3 56. Qc5+ Kf7 57. Qf2 Qe5+ 58. Kb6 Qe6+ 59. Kb7
Qe2 60. Qd4 f2 61. Qf4+ Ke6 62. Qh6+ Ke5 63. Qg7+ Kf4 64. Qh6+ Kg3 65. Qg7+ Qg4
66. Qc7+ Kg2 67. Qc2 Qb4+ 0-1

[Event "Ciocaltea Memorial"]
[Site "Bucharest"]
[Date "1998.??.??"]
[Round "10"]
[White "Nisipeanu, Liviu Dieter"]
[Black "Rogozenco, Dorian"]
[Result "1/2-1/2"]
[WhiteElo "2610"]
[BlackElo "2495"]
[Annotator "Finkel,A"]
[PlyCount "52"]
[EventDate "1998.02.??"]
[EventType "tourn"]
[EventRounds "13"]
[EventCountry "ROU"]
[EventCategory "11"]
[SourceTitle "CBM 064"]
[Source "ChessBase"]
[SourceDate "1998.06.02"]
[SourceVersion "1"]
[SourceVersionDate "1998.06.02"]
[SourceQuality "1"]

1. e4 {Rogozenko} e6 2. d4 d5 3. Nd2 dxe4 4. Nxe4 Nd7 5. Nf3 Ngf6 6. Nxf6+ Nxf6
7. Bg5 c5 8. Bb5+ Bd7 9. Bxd7+ Qxd7 10. Qe2 (10. Bxf6 {Rogozenko} gxf6 11. O-O
cxd4 12. Qxd4 Qxd4 13. Nxd4 Bc5 14. Rad1 Rd8 15. Nb3 Bb6 {Ghinda-Luther,
Ikaria, 1993}) 10... Be7 (10... cxd4 11. O-O-O Bc5 12. Qe5 $1 $16 (12. Qe5 {
Rogozenko} Rc8 13. Nxd4 Qc7 {Almasi Z.-Ehlvest, Biel, 1996})) 11. O-O-O O-O 12.
Kb1 (12. dxc5 Qa4 $5 (12... Qc7 $6 13. Ne5 Qxc5 14. Bxf6 $1 Bxf6 15. Nd7 Qg5+
16. Kb1 Rfc8 17. h4 $36 {Fercec,N-Tukmakov,V/Open, Zadar CRO 1997 (23)}) (12...
Qc7 {Rogozenko}) 13. Kb1 Rfd8 $13 (13... Bxc5 14. Bxf6 gxf6 15. Ne1 $5 (15. Rd3
Rfd8 16. Rhd1 Rxd3 17. Rxd3 Qg4 18. g3 Bb6 19. Qd2 Qf5 20. a3 Rc8 $13 {
Hernandez,G-Kortschnoj,V/Merida m 1996/0-1 (53)}) 15... Rfd8 16. Nd3 Bf8 17. f4
Rd5 18. Rhf1 Rad8 19. Rf3 $5 f5 20. h3 $14 {Leko,P-Kortschnoj,V/Vienna 1996 
(24)}) (13... Rad8 14. Ne5 h6 15. Bxf6 Bxf6 16. f3 $5 Rd4 17. Rxd4 Qxd4 18. Nd3
Rd8 19. Re1 $14 {Dolmatov,S-Gurevich,M/BL 1992/1-0 (73)})) (12. Rhe1 $5 {
Timman,J /\ d5} Rfd8 $5 13. d5 $6 Nxd5 14. Rxd5 (14. c4 Bxg5+ 15. Nxg5 Qe7 $17)
14... Qxd5 15. Bxe7 Qxa2 16. Bxd8 Qa1+ 17. Kd2 Rxd8+ 18. Ke3 Qxb2 $15) 12...
Qc7 13. d5 $5 {[%cal Ge2e7,Gg5e7] Interesting attempt to fight for the
advantage,which however proves to be unsufficient.} (13. dxc5 Qxc5 14. Ne5 Rfd8
15. Bxf6 Bxf6 16. Nd7 Qc6 $6 (16... Qe7 $1 {Timman,J} 17. Qb5 a6 $1 18. Nxf6+ (
18. Qxb7 $4 Rdb8 $19) 18... Qxf6 19. Qb6 Qe7 $10) 17. Nxf6+ gxf6 18. Qg4+ Kf8
19. Qb4+ Kg7 20. Qg4+ Kf8 21. Qf4 $6 (21. g3 $14 {Timman,J}) 21... Kg7 22. g3
Rac8 23. c3 Rd5 $1 $10 {Timman,J-Korchnoi,V/Luzern 1989 (26)}) 13... exd5 $1 (
13... Nxd5 14. Rxd5 $1 exd5 15. Qxe7 Qxe7 16. Bxe7 Rfc8 17. c3 $14) 14. Rhe1
Bd8 (14... Rfe8 $2 15. Bxf6 gxf6 (15... Bxf6 16. Qxe8+ Rxe8 17. Rxe8#) 16. Rxd5
$16) 15. Bxf6 Bxf6 16. Rxd5 $11 c4 $5 (16... Qc6 {Rogozenko} 17. c4 Rfe8 18.
Qd2 Rxe1+ 19. Nxe1 $14) 17. c3 $1 {Otherwise only black could fight for the
advantage.} Qc6 18. Red1 Rfe8 19. Qc2 Re6 (19... b5 {Rogozenko} 20. Rd6 $14)
20. Qf5 g6 (20... Rae8 $11 {Rogozenko}) 21. Qf4 Rae8 {White controls the
d-file,while black took up the e-file.The position is absolutely balancedand
the draw is not far away.} 22. Rd6 Qc5 23. Rxe6 Rxe6 24. Nd4 (24. Qb8+ $2 {
Rogozenko} Kg7 25. Qxb7 Rb6 $17) 24... Bxd4 (24... Rd6 $5) 25. Rxd4 (25. Qxd4
$6 Qxd4 26. Rxd4 (26. cxd4 $2 Re2 $1 $17) 26... Re2 27. Rxc4 Rxf2 28. Rc7 Rxg2
29. Rxb7 f5 $15) 25... Re1+ 26. Kc2 Re2+ 1/2-1/2

[Event "RUS-chT 12th"]
[Site "Sochi"]
[Date "2005.04.26"]
[Round "8"]
[White "Sutovsky, Emil"]
[Black "Efimenko, Zahar"]
[Result "1/2-1/2"]
[WhiteElo "2665"]
[BlackElo "2620"]
[Annotator "Finkel,A"]
[PlyCount "88"]
[EventDate "2005.04.19"]
[EventType "team-tourn"]
[EventRounds "11"]
[EventCountry "RUS"]
[SourceTitle "EXT 2020"]
[Source "ChessBase"]
[SourceDate "2019.10.17"]
[SourceVersion "1"]
[SourceVersionDate "2019.10.17"]
[SourceQuality "1"]
[WhiteTeam "Saransk TPS"]
[BlackTeam "Togliatti Lada"]
[WhiteTeamCountry "RUS"]
[BlackTeamCountry "RUS"]

1. e4 e6 2. d4 d5 3. Nc3 Nf6 4. Bg5 dxe4 5. Nxe4 Be7 6. Bxf6 Bxf6 7. Nf3 Nd7 8.
Bc4 a6 9. Qe2 b5 10. Bd3 (10. Bb3 O-O 11. O-O-O (11. O-O Bb7 (11... c5 12. dxc5
Bb7 13. Rfd1 Bxe4 14. Qxe4 Nxc5 15. Rxd8 Nxe4 16. Rxa8 Rxa8 17. c3 Rd8 18. Bc2
{1/2-1/2 Van den Doel,E-Komarov,D/France 2003}) 12. c3 Be7 13. Rfd1 Nf6 14.
Nxf6+ Bxf6 15. Ne5 Qd6 16. Nd3 Qc6 17. f3 Rad8 $13 {Aketaeva,D-Zatonskih,A/
Bled 2002}) (11. Rd1 Bb7 12. O-O c5 13. c3) 11... Bb7 12. d5 (12. Ne5 Bxe4 13.
Qxe4 Bxe5 14. dxe5 Qe7 15. f4 Nc5 16. Qe3 a5 17. a3 Rfb8 $15 {Gomez Anadon,
D-Ivanov,J/Ortigueira 2004}) 12... exd5 13. Bxd5 c6 14. Bb3 Qc7 15. Rhe1 c5 16.
Bd5 Bxd5 17. Rxd5 Be7 18. Kb1 Nf6 $11 {Van den Doel,E-Mullon,J/France 2003}) (
10. Bd5 Rb8 11. O-O-O O-O 12. Bc6 Rb6 13. d5 exd5 14. Bxd5 c6 $11) 10... Bb7
11. O-O-O (11. Nxf6+ Qxf6 12. Be4 Bxe4 13. Qxe4 O-O 14. O-O Qe7 15. a4 Nb6 16.
axb5 axb5 17. Qc6 b4 {1/2-1/2 Timman,J-Gurevich,M/Wijk aan Zee 2002}) 11... O-O
12. h4 Be7 (12... Qe7 13. Nfg5 (13. Neg5 g6 14. Be4 Bd5 15. Bxd5 exd5 16. Qxe7
Bxe7 17. Rhe1 Rfe8 {1/2-1/2 Davies,N-Lalic,B/Catalan Bay 2004}) 13... h6 14.
Nh7 Rfd8 15. Nhxf6+ Nxf6 16. Nc5 Bd5 17. Kb1 Qd6 18. f3 Re8 19. Qe5 $14 {
Magem Badals,J-Abdul,M/Bled 2002}) 13. Kb1 Nf6 14. Neg5 $5 {This move seems to
be Emil's improvement of his own play against Navara about a year ago. However
I find it hard to believe that White is able to reach any kind of opening
advantage.} (14. Nxf6+ Bxf6 15. Ng5 g6 16. Be4 Bd5 17. f4 Rc8 18. Qe3 h6 19.
Bxd5 exd5 20. Nf3 Qe7 21. Ne5 $14 {Sutovsky,E-Navara,D/Aghia Pelagia 2004})
14... Bd5 15. Ne5 c5 (15... Bxg2 $2 {Capture on g2 leads to immediate disaster.
} 16. Rhg1 {[%cal Gg1g7]} Bd5 17. Nxh7 $1 Nxh7 18. Bxh7+ Kxh7 19. Qh5+ Kg8 20.
Rxg7+ Kxg7 21. Rg1+ Bg5 22. hxg5 $1 $18 {[%csl Rg7][%cal Gh5h6,Gg5g6] and
Black is helpless against 23.Qh6+ followed by Ng4 or by g6.}) 16. dxc5 Bxc5 {
An interesting decision. Black is ready to sacrifice an exchange apparently
evaluating an arising endgame as not dangerous for him.} ({The natural} 16...
Qa5 $2 {loses to untrevial} 17. Bxh7+ $1 Nxh7 18. Rxd5 exd5 19. Nc6 $1 Qc7 20.
Nxe7+ Kh8 21. Qh5 $18) 17. Ng4 h6 18. Nxf6+ Qxf6 19. Nh7 ({Nothing promises} 
19. Ne4 Bxe4 (19... Qe7 $6 20. g4 Rac8 21. g5 $36 {could be dangerous for
black.}) 20. Qxe4 Rfd8 21. Qh7+ Kf8 22. f3 Ke7 $11 {with equality.}) 19... Qxf2
20. Qxf2 Bxf2 21. Nxf8 Rxf8 22. Be2 $1 $14 g5 (22... Bxg2 $2 23. Rh2 $18) (
22... b4 23. Bf3 Bc4 24. Rd2 Be3 25. Rd6 $14) 23. hxg5 hxg5 24. Rh3 $2 {
A very bad move, which I fail to explain. It's obvious that White doesn't have
any chances to win the game in the endgame with rooks and opposite colored
bishops, so White didn't have a choice to play the natural} (24. Bf3 Bxf3 25.
gxf3 Kg7 26. Rd6 Ra8 27. c3 $16 {with serious winning chances.}) 24... f5 25.
Bf3 g4 26. Bxd5 gxh3 27. Bxe6+ Kg7 28. gxh3 $14 Rf6 29. Bd5 b4 (29... Kh6 $5)
30. c4 bxc3 31. bxc3 Kh6 32. Rd2 Be3 33. Rg2 Kh5 34. Rg3 f4 35. Rf3 Kh4 36. Kc2
Rd6 37. c4 Rb6 38. Be4 a5 39. Kc3 (39. a3 a4 40. c5 Bxc5 41. Rxf4+ Kxh3 42.
Bf5+ Kg3 43. Rxa4 Kf3 $11) 39... Rb4 40. Bc2 Rb6 41. Be4 Rb4 42. Bf5 Ra4 43.
Kb3 Rb4+ 44. Kc3 Ra4 1/2-1/2

[Event "Olympiad-34"]
[Site "Istanbul"]
[Date "2000.11.10"]
[Round "13.2"]
[White "Klovans, Janis"]
[Black "Nielsen, Peter Heine"]
[Result "0-1"]
[WhiteElo "2481"]
[BlackElo "2578"]
[Annotator "Finkel,A"]
[PlyCount "70"]
[EventDate "2000.10.28"]
[EventType "team-swiss"]
[EventRounds "14"]
[EventCountry "TUR"]
[SourceTitle "EXT 2001"]
[Source "ChessBase"]
[SourceDate "2000.11.22"]
[SourceVersion "1"]
[SourceVersionDate "2000.11.22"]
[SourceQuality "1"]
[WhiteTeam "Latvia"]
[BlackTeam "Denmark"]
[WhiteTeamCountry "LAT"]
[BlackTeamCountry "DEN"]

1. e4 e6 2. d4 d5 3. Nc3 Nf6 4. Bg5 dxe4 5. Nxe4 Be7 6. Bxf6 gxf6 7. Nf3 a6 (
7... Nd7 8. Qd2 $6 f5 9. Ng3 h5 $5 10. h4 Bd6 11. Rh3 c6 12. Ng5 Nf6 13. Bc4
Nd5 $15 {Euwe,M-Balla,Z/Bad Pistyan 1922/1/2-1/2 (50)}) (7... c6 $6 8. Qd2 f5
9. Ng3 b6 10. Bc4 Nd7 11. O-O-O Bb7 12. Rhe1 Nf6 13. Kb1 Qc7 14. Ne5 $16 {
Kozma,J-Fichtl,J/CSR-ch Prague 1953 (37)}) (7... Qd5 $6 8. Bd3 Nd7 9. O-O Nf8
10. c4 Qh5 11. Qd2 Rg8 12. Ng3 Qg4 13. Rfe1 Bd7 14. Be4 $36 {Aronson,L-Khanov,
K/URS-ch sf 1957/1-0 (49)}) 8. Qd2 {This logical move is,on my opinion,one of
the best ways to meet seven's move of black.} (8. Bd3 Nd7 9. Qe2 c5 (9... f5
10. Ng3 Nf6 11. O-O-O Qd5 12. Kb1 f4 13. Ne4 Nxe4 14. Bxe4 Qd6 15. Ne5 $14 {
Toth,A-Dobos,J/Szekszard op 1995}) 10. dxc5 Qa5+ 11. Qd2 Qxd2+ 12. Nfxd2 Nxc5
13. Nxc5 Bxc5 $11 {Cohn,E-Swiderski,R/Wien 1908 (62)}) (8. g3 b5 9. Bg2 Bb7 10.
Qe2 Bd5 11. Ned2 Nd7 12. O-O O-O 13. Rfd1 Nb6 14. c3 Na4 15. Nf1 c6 16. Ne3 $14
{Glek,I-Volkov,S/4th Open 2000}) 8... b5 (8... f5 9. Ng3 Nd7 10. Nh5 (10. Qh6
$5 Nf6 11. Bd3 Ng4 12. Qd2 $14) 10... h6 $5 11. O-O-O Nf6 12. Nxf6+ $6 (12. Nf4
Ne4 13. Qe3 $14) 12... Bxf6 13. Kb1 $6 (13. Bc4 b5 14. Bb3 Bb7 15. Qe3 Bd5 16.
h3 $13) 13... b5 14. g3 Bb7 15. Bg2 Qd6 16. Rhe1 O-O-O 17. Bh1 $2 $17 {
Perunovic,M-Antic,D/JUG-ch 55th 2000} (17. c3 c5 18. Qe3 cxd4 19. cxd4 Be4+ 20.
Ka1 Kb8 $15)) 9. O-O-O (9. Qh6 $6 Bb7 10. Bd3 Nd7 (10... f5 11. Neg5 Bxf3 12.
Nxf3 Bf8 13. Qe3 Qd5 14. O-O Nd7 15. a4 $14 {Nurkic,S-Muratovic,E/TCh-BIH 1999}
) 11. Ng3 (11. O-O-O f5 12. Neg5 Bxg5+ 13. Nxg5 Qf6 14. Qh5 Qg6 15. Qh4 O-O-O
$15 {Wedberg,T-Nielsen,P/New York op 2000}) 11... f5 12. Nh5 Bf8 13. Qe3 Nf6
$15 {Sutovskij,E-Morozevich,A/Torneo de Pamplona 9th 1998}) 9... Bb7 10. Bd3 (
10. Qf4 Nd7 11. Bd3 f5 12. Ned2 Nb6 13. Qh6 Bd5 14. Kb1 Nc4 $132 {Borries,
B-Klyszcz,M/Dreifluesse op 8th 2000}) 10... Nd7 11. Kb1 Bd5 12. Qh6 $1 {
[%csl Rh7]} (12. Qe3 c6 13. Nc3 f5 14. Nxd5 cxd5 15. Rhe1 Nf6 16. h3 $14) 12...
c6 13. Qg7 Rf8 14. Qxh7 f5 15. Nc3 $1 (15. Ned2 Nf6 16. Qh3 Ng4 17. Rhf1 Bd6
18. Rde1 Qf6 19. Qh5 O-O-O 20. h3 Rh8 21. Qg5 Rdg8 $1 22. Qxf6 Nxf6 23. Rg1 Bf4
$44) 15... Nf6 (15... Bxf3 16. gxf3 Bf6 17. Qh6 Qb6 18. Ne2 $14) 16. Qh3 Ng4
17. Rhf1 Bd6 18. Nxd5 cxd5 19. Ne5 $2 {White loses a thread and manages to
ruin his own poitions in couple of moves} (19. Rde1 Qf6 (19... Kd7 20. g3 $16)
20. g3) (19. g3 $5 $16) 19... Nxe5 20. dxe5 Bxe5 21. Bxf5 $6 (21. f4 Bg7 22. g4
Qf6 23. c3 Rh8 24. Qg3 fxg4 25. f5 e5 26. Be2 $13) 21... Qf6 22. Rfe1 Rh8 23.
Qg4 O-O-O (23... Kf8 24. Qb4+ Kg8 25. Qg4+ Kf8 $11) 24. f4 Bc7 $1 (24... Bxb2
$6 25. Bxe6+ Kb8 (25... fxe6 26. Rxe6 Rhg8 27. Rxf6+ Rxg4 28. Kxb2 Rxg2 29.
Rxa6 $16) 26. Bxd5 Ba1 27. c3 Bxc3 28. Re2 $13) 25. Bd3 Rdg8 26. Qe2 $6 (26.
Qf3 Rxh2 27. g3 $15) 26... Rxh2 27. f5 Rgxg2 28. Qe3 e5 $17 29. a4 (29. Qa7 Qc6
$1) 29... Qc6 $1 30. Re2 bxa4 31. Rxg2 Rxg2 32. Qa7 d4 (32... e4 $2 33. Bxa6+ (
33. Qxa6+ Qb7 34. Bb5) 33... Kd8 34. c4 Qf6 35. Rxd5+ Ke8 36. Qa8+ Ke7 37. Rd7+
$1 Kxd7 38. Bb5+ Kd6 39. Qd5+ Ke7 40. Qxe4+ $11) 33. f6 (33. Bxa6+ Kd8 34. Bd3
Ke7 $19) 33... Kd7 34. Re1 a3 35. Rxe5 $4 (35. bxa3 Qxf6 $19) 35... a2+ $1 (
35... a2+ 36. Kxa2 Qa4+ 37. Kb1 Rg1+ $19) 0-1

[Event "Asia-ch"]
[Site "Kolkata"]
[Date "2001.08.14"]
[Round "7"]
[White "Kazhgaleyev, Murtas"]
[Black "Garma, Chito"]
[Result "1/2-1/2"]
[WhiteElo "2585"]
[BlackElo "2409"]
[Annotator "Finkel,A"]
[PlyCount "44"]
[EventDate "2001.08.09"]
[EventType "swiss"]
[EventRounds "11"]
[EventCountry "IND"]
[SourceTitle "CBM 085"]
[Source "ChessBase"]
[SourceDate "2001.11.13"]
[SourceVersion "1"]
[SourceVersionDate "2001.11.13"]
[SourceQuality "1"]

1. e4 e6 2. d4 d5 3. Nc3 Nf6 4. Bg5 dxe4 5. Nxe4 Be7 6. Bxf6 gxf6 7. Nf3 (7.
Bc4 $5 f5 8. Ng3 $5 {8.Nc3} Rg8 9. Nf3 Nd7 10. Qe2 Nb6 11. Bb3 Nd5 12. O-O-O
Nf4 $6 13. Qd2 Qd6 14. Kb1 Bf6 15. Rhe1 $16 {/\ 16.Ne5; Minasjan,A-Savcenko,S/
Belgorod GMA-qual/1989/1-0/24/ -> TURNIERDISKETTE 1989/2}) (7. c4 $6 f5 8. Nc3
Bf6 {Tischbierek,R-Luther,T/DDR-ch Zittau/1989/0-1/23/  ->}) 7... f5 8. Ng3 {
This move leads to more complicated struggle than 8.Nc3} (8. Nc3 Bf6 9. Qd2 c5
10. Bb5+ Bd7 11. Bxd7+ Nxd7 12. O-O-O Qa5 13. Kb1 O-O-O $15 {Sax,G-Andersson,U/
Reggio/1988/0-1/51/ -> CBM 11}) 8... c5 9. Qd2 (9. Bd3 Nc6 10. dxc5 Qa5+ 11. c3
Qxc5 12. O-O h5 13. h4 $2 Ne5 $17 {De Vreugt,D-Kiriakov,P/Groningen op 1995}) (
9. Bb5+ Bd7 10. Bxd7+ Qxd7 11. dxc5 (11. d5 exd5 12. Qd3 Nc6 13. O-O-O O-O-O (
13... f4 14. Nh5 Qg4 15. Qxd5 Rd8 16. Qf5 Qxf5 17. Ng7+ Kf8 18. Nxf5 Rxd1+ 19.
Rxd1 $16 {Shabalov,A-Savchenko,S/URS-YM 1989}) 14. Qxf5 Qxf5 15. Nxf5 Bf6 16.
g4 Rhe8 17. Rhe1 Ne5 $15 {Spiriev,P-Luther,T/Budapest Kasparov 1991}) 11...
Qxd1+ 12. Rxd1 Nc6 13. O-O Bxc5 {1/2-1/2 Ribshtein,N-Alienkin,A/Rishon Le Zion
9798 1997}) (9. dxc5 Qxd1+ 10. Rxd1 Bxc5 11. Ne5 Ke7 12. Be2 Nd7 13. Nd3 Bd6
$13 {Guseinov,G-Danielian,O/Moscow op2 1995}) 9... Nc6 10. Bb5 $5 (10. O-O-O
cxd4 11. Bb5 a6 12. Bxc6+ bxc6 13. Nxd4 $6 (13. Nh5 Rg8 14. Kb1 Rg6 15. Nf4 Rg8
16. Nh5 Rg6 17. Nf4 Rg8 18. Nh5 {1/2-1/2 Galkin,A-Kiriakov,P/Groningen op 1997}
) 13... c5 14. Qc3 cxd4 15. Rxd4 Qb6 16. Rc4 O-O 17. Nh5 e5 $19 {Horvath,
A-Bunzmann,D/Atom Cup GM 3rd 1998}) 10... Qb6 11. Bxc6+ bxc6 $1 {Black needs
b-file for his actions on the queenside} (11... Qxc6 12. O-O-O Qd5 (12... Bd7
13. Ne5 Qc7 14. Rhe1 $14) 13. Kb1 Bd7 14. Rhe1 cxd4 15. Nxd4 Rd8 16. Qh6 $36)
12. O-O-O Rb8 13. b3 c4 (13... cxd4 $5 14. Nxd4 c5 15. Nf3 Bb7 16. Nh5 $36) 14.
Ne5 Ba6 $6 {Inaccuracy leaving the initiative in hite's hands. After correct} (
14... cxb3 $5 15. axb3 Bb4 16. Qe3 a5 (16... Qa5 17. Kb2 Qa3+ 18. Kb1 $16) 17.
Nxf5 a4 $132 {the position would remain extremly unclear.}) 15. Kb1 Bb4 16. Qe3
Rb7 17. Nh5 (17. Nxf5 $2 cxb3 18. axb3 exf5 19. Nc4+ Re7 20. Nxb6 Rxe3 21. fxe3
axb6 $15) 17... h6 18. g4 $6 {Now it's white's turn to make a mistake. Better
was} (18. Ng7+ $1 Kf8 (18... Kd8 19. d5 $5 cxd5 20. Qxb6+ Rxb6 (20... axb6 21.
Nc6+ $18) 21. Nxf7+ Ke7 22. Nxh8 Bc3 23. Ng6+ Kf7 24. Nxf5 $16) 19. Nxe6+ fxe6
20. Ng6+ Kg7 21. Nxh8 Kxh8 22. Qxh6+ Rh7 23. Qxe6 $16 {in both cases with much
better chanses for white.}) 18... fxg4 19. f3 $5 Bb5 $1 (19... gxf3 20. Qxf3
$16 {[%csl Rc6][%cal Gf3f6,Gh5g7]}) 20. fxg4 a5 {[%csl Rb1][%cal Ga5a4]} 21.
Qf3 Rf8 22. Rhf1 Kd8 $132 1/2-1/2